Préfectures et sous-préfectures d'Occitanie - Statistiques

Statistiques générales
  • Ce quiz a été pris 253 fois
  • Le résultat moyen est 22 sur 36
Statistiques - réponses
Département Ville % Correct
Hérault - Préfecture Montpellier
98%
Aude - Préfecture Carcassonne
96%
Haute-Garonne - Préfecture Toulouse
96%
Gard - Préfecture Nîmes
95%
Pyrénées-Orientales - Préfecture Perpignan
93%
Ariège - Préfecture Foix
91%
Tarn - Préfecture Albi
88%
Gers - Préfecture Auch
88%
Aveyron - Préfecture Rodez
88%
Hautes-Pyrénées - Préfecture Tarbes
88%
Tarn-et-Garonne - Préfecture Montauban
85%
Hérault Béziers
82%
Lot - Préfecture Cahors
82%
Lozère - Préfecture Mende
82%
Aude Narbonne
82%
Tarn Castres
74%
Aveyron Millau
72%
Gard Alès
71%
Ariège Pamiers
55%
Lot Figeac
52%
Haute-Garonne Muret
50%
Haute-Garonne Saint-Gaudens
45%
Gers Condom
42%
Aveyron Villefranche-de-Rouergue
42%
Hérault Lodève
39%
Ariège Saint-Girons
39%
Pyrénées-Orientales Céret
35%
Tarn-et-Garonne Castelsarrasin
34%
Aude Limoux
33%
Hautes-Pyrénées Bagnères-de-Bigorre
32%
Pyrénées-Orientales Prades
31%
Gard Le Vigan
30%
Lot Gourdon
28%
Hautes-Pyrénées Argelès-Gazost
26%
Gers Mirande
26%
Lozère Florac Trois Rivières
19%
Aucun quiz correspondant
Distribution des résultats
% des personnes avec chaque résultat
Percentile par nombre de réponses
Votre historique - résultats
Vous n’avez pas pris ce quiz